1559 1451 1478 1980 1419 1610 1912 1135 1010 1783 1243 1656 1317 1476 1240 1132 1302 1769 1402 1621 1105 1115 1049 1205 1616 1619 1922 1725 1178 1161 1399 1216 1879 1482 1734 1102 1334 1857 1468 1443 1050 1944 1336 1210 1869 1932 1666 1970 1133 1826 1555 1708 1145 1272 1627 1698 1777 1649 1310 1627 1230 1447 1707 1441 1869 1709 1194 1312 1981 1953 1300 1284 1292 1189 1792 1783 1374 1919 1646 1922 1627 1939 1045 1160 1836 1634 1763 1212 1852 1659 1217 1665 1671 1672 1944 1832 1223 1391 1020 BCNSPRNW ULIB Ver.6.0+V

เปลี่ยนเป็นภาษาไทย

Change to English
 แสดงรายละเอียดบรรณานุกรม
  กลับหน้าหลัก

Brief Record : Get Marc (ISO 2709) : E-mail record : QR code < ปิดหน้าต่าง
LEADER : 00000nam 2200000uu 4500
001    13399127703
003     ULIB
008    210420s2562||||th 000 0 tha d
060  4 ^aWY152^bร719
245 10 ^aรูปแบบการพัฒนาระบบการดูแลระยะยาวสำหรับผู้สูงอายุ /^cราศรี ลีนะกุลและคนอื่นๆ, บรรณาธิการ
250    ^aพิมพ์ครั้งที่ 1
260    ^aนนทบุรี :^bสภาการพยาบาล,^c2562
300    ^a147 หน้า :^bภาพประกอบ ;^c26 ซม.
650  4 ^aผู้สูงอายุ^xการดูแล
650  4 ^aผู้สูงอายุ^xสุขภาพและอนามัย
700 0  ^aราศรี ลีนะกุล,^eบรรณาธิการ
710 2  ^aสภาการพยาบาล
710 2  ^aสำนักงานกองทุนสนับสนุนการสร้างเสริมสุขภาพ
945    ^p0^l0^i008028
999    ^aประนอม เกษจรัล
รายการนี้ยังไม่มีแท็ก
คุณยังไม่ได้ล็อกอิน คุณสามารถมีกิจกรรมร่วมกับเว็บไซต์ได้ แต่ต้องล็อกอินก่อน ::
  ล็อกอิน

รายการสื่อสารสนเทศ

ลำดับที่ ประเภท เลขเรียก/บาร์โค้ด สถานที่ สถานะ
1. Book การพยาบาล
Book การพยาบาล
WY152 ร719 ฉ.1 
  Barcode: 008028
ห้องสมุดวิทยาเขตสวรรค์ประชารักษ์
►หนังสือทั่วไป
บนชั้น

รายการใกล้เคียง
    หัวเรื่อง [ผู้สูงอายุ การดูแล]

BibComment


ยังไม่เคยถูกคอมเมนท์

คอมเมนท์ทรัพยากรรายการนี้
  คอมเมนท์: รูปแบบการพัฒนาระ..


 Copyright 2026. Bcnsprnw @Library